Cuatro decenios de historia eclesiástica de Chile: crónica de las relaciones entre la Iglesia y el estado 1831-1871

Na minha lista:
Detalhes bibliográficos
Autor principal: González Espejo, Fernando (Author)
Formato: Livro
Idioma:espanhol
Publicado em: Santiago, Chile Tegualda 1948
Assuntos:
Tags: Adicionar Tag
Sem tags, seja o primeiro a adicionar uma tag!

MARC

LEADER 00000nam a2200000 a 4500
001 UCP5479
003 CL-VaPUC
005 20230801151705.0
008 990910e19480000CL |||||||||||||||||spa|d
999 |c 283224  |d 283222 
040 |c Pontificia Universidad Católica de Valparaíso 
082 0 4 |a 278.3 GON 1948  |2 21 
100 0 |a González Espejo, Fernando  |e author  |9 433917 
245 1 0 |a Cuatro decenios de historia eclesiástica de Chile:  |b  crónica de las relaciones entre la Iglesia y el estado 1831-1871 
260 |a Santiago, Chile  |b Tegualda  |c 1948 
300 |a 171 páginas 
583 |a last modification  |c 19990910 00:00:00  |k Rodrigo Vera 
650 7 |a HISTORIA ECLESIASTICA  |2 CL-VaPUC  |9 433918  |y 1831-1871  |z CHILE 
650 0 |a Iglesia y Estado  |z CHILE  |9 254995 
852 |a BIBCUR 
942 |c BK  |2 ddc 
945 |d 19990910 00:00:00  |a crobeson 
952 |0 0  |1 0  |2 ddc  |4 0  |6 278_300000000000000_GON_1948  |7 0  |8 X  |9 326126  |a BIBHIS  |b BIBHIS  |d 2019-11-20  |i 1357697  |o 278.3 GON 1948  |p 1357697  |r 2024-01-30  |t 1  |w 2019-11-20  |y BK_X  |k HIS